00586cam a22002057a 4500003000500000005001700005008004100022010000700063011000900070035000800079040000900087100003000096245009200126260007000218300001100288490001800299500002400317650002100341830001800362CHAP20220329132908.0971010s1973 r 00010 d a44 a1016 a167 cCHAP00aRamírez Lozano, Miguel.13aEl trébol ladino :buna buena leguminosa para praderasc/ por Miguel Ramírez Lozano aChapingo, Méx. :bDepartamento de Extensión Agrícola,c1973 a[2] p. 0aDivulgación ac.6-8, 11 en bodega14aTrébol blanco.0 aDivulgación